[Event "Reggio Emilia 0405 47th"]
[Site "Reggio Emilia"]
[Date "2005.01.04"]
[Round "7"]
[White "Tirabassi, Maurizio"]
[Black "Naumkin, Igor"]
[Result "0-1"]
[WhiteElo "2330"]
[BlackElo "2479"]
[PlyCount "58"]
[EventDate "2004.12.29"]
[EventType "tourn"]
[EventRounds "9"]
[EventCountry "ITA"]
[EventCategory "8"]
[SourceTitle "CBM 104 Extra"]
[Source "ChessBase"]
[SourceDate "2005.03.01"]
[SourceVersion "1"]
[SourceVersionDate "2005.03.01"]
[SourceQuality "1"]

1. d4 e6 2. g3 Nf6 3. Bg2 d5 4. Nf3 c5 5. 0-0 cxd4 6. Nxd4 Bc5 7. b3 Qe7 8. Bb2 0-0 9. e3 e5 10. Ne2 Rd8 11. Qc1 Bg4 12. Re1 Nbd7 13. h3 Bh5 14. Nbc3 Nb6 15. Kh2 Rac8 16. a3 Bd6 17. f4 a6 18. Qd2 Bg6 19. fxe5 Bxe5 20. Nd4 Nh5 21. Nce2 Qg5 22. Rac1 Nxg3 23. Nf4 Nh5 24. Rf1 Nd7 25. c4 dxc4 26. Rxc4 Rxc4 27. bxc4 Nc5 28. Kg1 Ne4 29. Qe1 Bxf4 0-1

[Event "Reggio Emilia 0405 47th"]
[Site "Reggio Emilia"]
[Date "2005.01.02"]
[Round "5"]
[White "Tirabassi, Maurizio"]
[Black "Di Caro, Calogero"]
[Result "1-0"]
[WhiteElo "2330"]
[BlackElo "2317"]
[PlyCount "53"]
[EventDate "2004.12.29"]
[EventType "tourn"]
[EventRounds "9"]
[EventCountry "ITA"]
[EventCategory "8"]
[SourceTitle "CBM 104 Extra"]
[Source "ChessBase"]
[SourceDate "2005.03.01"]
[SourceVersion "1"]
[SourceVersionDate "2005.03.01"]
[SourceQuality "1"]

1. d4 d6 2. c4 e5 3. g3 exd4 4. Qxd4 Nc6 5. Qd1 Be6 6. e4 g6 7. Nc3 Bg7 8. Bd2 Nge7 9. Nf3 0-0 10. Be2 f5 11. 0-0 fxe4 12. Nxe4 Bxb2 13. Rb1 Bg7 14. Rxb7 Qc8 15. Rb3 Bf5 16. Nc3 h6 17. Nd5 Kh7 18. Bc3 Bxc3 19. Rxc3 Rb8 20. Re3 Rf7 21. Qd2 Bh3 22. Re1 Nf5 23. Re4 Qh8 24. Nf4 Bg4 25. Nxg6 Kxg6 26. Rxg4+ Kh7 27. Bd3 1-0

[Event "ITA-chT Serie A1 Nord"]
[Site "Monselice"]
[Date "2003.03.30"]
[Round "5.1"]
[White "Godena, Michele"]
[Black "Tirabassi, Maurizio"]
[Result "1/2-1/2"]
[WhiteElo "2524"]
[BlackElo "2330"]
[PlyCount "21"]
[EventDate "2003.03.28"]
[EventType "team-tourn"]
[EventRounds "5"]
[EventCountry "ITA"]
[SourceTitle "EXT 2005"]
[Source "ChessBase"]
[SourceDate "2004.11.15"]
[SourceVersion "1"]
[SourceVersionDate "2004.11.15"]
[SourceQuality "1"]

1. e4 c6 2. d4 d5 3. Nd2 dxe4 4. Nxe4 Bf5 5. Ng3 Bg6 6. h4 h6 7. Nf3 Nd7 8. h5 Bh7 9. Bd3 Bxd3 10. Qxd3 e6 11. Bf4 1/2-1/2

[Event "ITA-chT UISP 17th"]
[Site "Montecatini Terme"]
[Date "1996.12.??"]
[Round "3"]
[White "Magalotti, Andrea"]
[Black "Tirabassi, Maurizio"]
[Result "1/2-1/2"]
[WhiteElo "2100"]
[BlackElo "2330"]
[PlyCount "59"]
[EventDate "1996.12.??"]
[EventType "team-swiss"]
[EventRounds "8"]
[EventCountry "ITA"]
[SourceTitle "EXT 2024"]
[Source "ChessBase"]
[SourceDate "2023.10.10"]
[SourceVersion "1"]
[SourceVersionDate "2023.10.10"]
[SourceQuality "1"]

1. e4 c5 2. Nf3 e6 3. d4 cxd4 4. Nxd4 Nf6 5. Nc3 d6 6. Be3 Be7 7. f3 0-0 8. g4 Nc6 9. Qd2 d5 10. g5 Nxd4 11. Bxd4 Ne8 12. f4 dxe4 13. Nxe4 Nd6 14. Bd3 Bd7 15. Rg1 Nxe4 16. Bxe4 Bc6 17. Bxc6 bxc6 18. Qc3 Qb8 19. 0-0-0 Qxf4+ 20. Kb1 Rfd8 21. Bxg7 Rxd1+ 22. Rxd1 Rd8 23. Rxd8+ Bxd8 24. a3 Bxg5 25. Be5 Qe3 26. Qa5 Qd2 27. Qc7 f6 28. Bd6 Qd1+ 29. Ka2 Qxc2 30. Qe7 1/2-1/2

[Event "ITA-chT UISP"]
[Site "Montecatini Terme"]
[Date "1996.??.??"]
[Round "4"]
[White "Tirabassi, Maurizio"]
[Black "Monteleone, Antonio"]
[Result "1/2-1/2"]
[WhiteElo "2330"]
[BlackElo "2200"]
[PlyCount "35"]
[EventDate "1996.??.??"]
[EventType "team-tourn"]
[EventRounds "9"]
[EventCountry "ITA"]
[SourceTitle "EXT 2001"]
[Source "ChessBase"]
[SourceDate "2000.11.22"]
[SourceVersion "1"]
[SourceVersionDate "2000.11.22"]
[SourceQuality "1"]

1. c4 Nf6 2. Nc3 c5 3. e4 Nc6 4. g3 e6 5. f4 d6 6. Bg2 Be7 7. Nf3 0-0 8. 0-0 a6 9. Kh1 Qc7 10. d4 cxd4 11. Nxd4 Bd7 12. Nde2 Rfd8 13. Be3 Be8 14. Rb1 Qa5 15. Qd2 Rac8 16. Rfd1 b5 17. cxb5 axb5 18. b3 1/2-1/2

[Event "ITA ASIGC 2000-A corr"]
[Site "Italy"]
[Date "1995.??.??"]
[Round "?"]
[White "Petrillo, Michele"]
[Black "Tirabassi, Maurizio"]
[Result "1/2-1/2"]
[WhiteElo "2500"]
[BlackElo "2560"]
[PlyCount "111"]
[EventDate "1995.??.??"]
[EventType "tourn (corr)"]
[EventRounds "14"]
[EventCountry "ITA"]
[SourceTitle "Corr 2002"]
[Source "ChessBase"]
[SourceDate "2002.05.23"]
[SourceVersion "1"]
[SourceVersionDate "2002.05.23"]
[SourceQuality "1"]

1. d4 Nf6 2. c4 e6 3. Nc3 Bb4 4. Qc2 0-0 5. e3 b6 6. Nf3 Bb7 7. a3 Bxc3+ 8. Qxc3 d6 9. Be2 Nbd7 10. 0-0 Ne4 11. Qc2 f5 12. b4 Rf6 13. Bb2 Rg6 14. Rad1 Qe7 15. d5 c5 16. dxe6 Qxe6 17. Rd3 Rf8 18. Rfd1 Ndf6 19. Bxf6 Qxf6 20. Qc1 h5 21. Qa1 Qe7 22. Qb2 h4 23. Ne1 Ng5 24. f4 Ne4 25. Bh5 Rh6 26. Bf3 h3 27. g3 g5 28. bxc5 Nxc5 29. Bxb7 Nxb7 30. fxg5 Qxg5 31. Qf2 Nc5 32. Rd4 Ne4 33. Qf4 Qh5 34. Qf3 Qe8 35. R1d3 Rg6 36. Rd1 Rf7 37. Nd3 Ng5 38. Qf2 Ne4 39. Qf3 Ng5 40. Qf2 Re6 41. Qf4 Qe7 42. Re1 Re4 43. Qf2 Rf6 44. Rd5 Qf7 45. Rf1 Rxc4 46. Nf4 Rc3 47. Qe2 Ne4 48. Rd3 Rxd3 49. Qxd3 Qa2 50. Nxh3 Rh6 51. Rxf5 Rxh3 52. Qxe4 Qxh2+ 53. Kf1 Qh1+ 54. Qxh1 Rxh1+ 55. Ke2 Ra1 56. Rd5 1/2-1/2